Total disability provisions in life insurance contracts. (Record no. 71673)
[ view plain ]
| 000 -LEADER | |
|---|---|
| fixed length control field | 00963cam9a220024100 4500 |
| 001 - CONTROL NUMBER | |
| control field | qce00803075 |
| 005 - DATE AND TIME OF LATEST TRANSACTION | |
| control field | 20190815113200.0 |
| 008 - FIXED-LENGTH DATA ELEMENTS--GENERAL INFORMATION | |
| fixed length control field | 720829s1956 ilu 000 0 eng u |
| 010 ## - LIBRARY OF CONGRESS CONTROL NUMBER | |
| LC control number | 56008118 |
| 035 ## - SYSTEM CONTROL NUMBER | |
| System control number | (Sirsi) r79404 |
| 035 ## - SYSTEM CONTROL NUMBER | |
| System control number | (QCAT)lss00280675 |
| 035 ## - SYSTEM CONTROL NUMBER | |
| System control number | (UPRA)qce00803075 |
| 040 ## - CATALOGING SOURCE | |
| Modifying agency | UPRA |
| 100 1# - MAIN ENTRY--PERSONAL NAME | |
| Personal name | Herrick, Kenneth W. |
| Linkage | A39161.1 |
| 245 10 - TITLE STATEMENT | |
| Title | Total disability provisions in life insurance contracts. |
| 260 ## - PUBLICATION, DISTRIBUTION, ETC. | |
| Place of publication, distribution, etc. | Homewood, IL : |
| Name of publisher, distributor, etc. | Published for the S.S. Huebner Foundation for Insurance Education, University of Pennsylvania, by R.D. Irwin, |
| Date of publication, distribution, etc. | [1956] |
| 490 1# - SERIES STATEMENT | |
| Series statement | S.S. Huebner Foundation for Insurance Education Studies |
| 500 ## - GENERAL NOTE | |
| General note | Published for the S.S. Huebner Foundation for Insurance Education, University of Pennsylvania. |
| 504 ## - BIBLIOGRAPHY, ETC. NOTE | |
| Bibliography, etc. note | Bibliography: p. 199-207. |
| 830 #0 - SERIES ADDED ENTRY--UNIFORM TITLE | |
| Uniform title | Studies (S.S. Huebner Foundation for Insurance Education) |
| Linkage | S6341.1 |
| 949 ## - LOCAL PROCESSING INFORMATION (OCLC) | |
| a | HG8958 |
| w | lcc |
| i | -109385 |
| m | MAIN |
| t | BOOK |
| l | ON-SHELF |
No items available.